Úroveň energetiky SR po roku 2000 (na príklade vybraných ukazovateľov) bakalárska práca

Gespeichert in:
Bibliographische Detailangaben
1. Verfasser: Lobotka, Peter
Körperschaft: Fakulta podnikového manažmentu EU. Katedra podnikovohospodárska
Weitere Verfasser: Zwiebová, Darina
Format: Buch
Sprache:Slowakisch
Veröffentlicht: Bratislava 2009
Tags: Tag hinzufügen
Keine Tags, Fügen Sie das erste Tag hinzu!

MARC

LEADER 00000nam$a2200000$$$4500
001 0102039
005 20240319130334.2
041 0 |a slo 
044 |a SK 
245 1 0 |a Úroveň energetiky SR po roku 2000 (na príklade vybraných ukazovateľov)  |b bakalárska práca  |c Peter Lobotka ; škol. Darina Zwiebová 
264 1 |a Bratislava  |c 2009 
300 |a 39 s. 
100 1 |a Lobotka, Peter 
700 1 |a Zwiebová, Darina 
710 2 |a Fakulta podnikového manažmentu EU. Katedra podnikovohospodárska